00281pab a2200121 454500008004000000100001600040245004300056260000900099300001000108362000900118650001600127773001600143180718b1997 xxu||||| |||| 00| 0 eng d aPatel, A.R. aLand reforms: areas of serious concern c1997 ap.5-6 aJuly aLand reform aKurukshetra